Textbook of glaucoma / (Record no. 1777)

MARC details
000 -LEADER
fixed length control field 00988cam a2200301 a 4500
001 - CONTROL NUMBER
control field 4487351
003 - CONTROL NUMBER IDENTIFIER
control field OSt
005 - DATE AND TIME OF LATEST TRANSACTION
control field 20150518154806.0
008 - FIXED-LENGTH DATA ELEMENTS--GENERAL INFORMATION
fixed length control field 970103s2000 paua b 001 0 eng c
010 ## - LIBRARY OF CONGRESS CONTROL NUMBER
LC control number 97000983
020 ## - INTERNATIONAL STANDARD BOOK NUMBER
International Standard Book Number 0683076930
040 ## - CATALOGING SOURCE
Original cataloging agency DNLM/DLC
Transcribing agency DLC
Modifying agency DLC
050 00 - LIBRARY OF CONGRESS CALL NUMBER
Classification number RE871
Item number .S447 2000
060 10 - NATIONAL LIBRARY OF MEDICINE CALL NUMBER
Classification number WW 290 S555t 1997
082 00 - DEWEY DECIMAL CLASSIFICATION NUMBER
Classification number WW 290 S61T 2000
Edition number 21
100 1# - MAIN ENTRY--PERSONAL NAME
Personal name Shields, M. Bruce.
9 (RLIN) 4670
245 10 - TITLE STATEMENT
Title Textbook of glaucoma /
Statement of responsibility, etc. M. Bruce Shields.
250 ## - EDITION STATEMENT
Edition statement 4th ed.
260 ## - PUBLICATION, DISTRIBUTION, ETC. (IMPRINT)
Place of publication, distribution, etc. Philadelphia :
Name of publisher, distributor, etc. Williams & Wilkins,
Date of publication, distribution, etc. c2000.
300 ## - PHYSICAL DESCRIPTION
Extent xix, 588 p. :
Other physical details ill. ;
Dimensions 29 cm.
504 ## - BIBLIOGRAPHY, ETC. NOTE
Bibliography, etc Includes bibliographical references and index.
650 #0 - SUBJECT ADDED ENTRY--TOPICAL TERM
Topical term or geographic name as entry element Glaucoma.
9 (RLIN) 4671
650 12 - SUBJECT ADDED ENTRY--TOPICAL TERM
Topical term or geographic name as entry element Glaucoma.
9 (RLIN) 4672
906 ## - LOCAL DATA ELEMENT F, LDF (RLIN)
a 7
b cbc
c orignew
d 1
e ocip
f 19
g y-gencatlg
942 ## - ADDED ENTRY ELEMENTS (KOHA)
Source of classification or shelving scheme Other/Generic Classification Scheme
Koha item type Short Loan
Holdings
Withdrawn status Lost status Source of classification or shelving scheme Damaged status Not for loan Home library Current library Date acquired Source of acquisition Inventory number Total Checkouts Full call number Barcode Date last seen Price effective from Koha item type
    Other/Generic Classification Scheme     MUST Main Library MUST Main Library 18/05/2015   2004/21532   WW 290 S61T 2000 2015-1444 18/05/2015 18/05/2015 Short Loan
    Other/Generic Classification Scheme     MUST Main Library MUST Main Library 20/05/2015   2004/21533   WW 290 S61T 2000 2015-1493 20/05/2015 20/05/2015 Short Loan